Sports Quiz

Random Sports or Soccer Quiz
Score 0/20 Timer 02:30
0 Plays Today
% Correct
Paris Saint-Germain
91.5%
Juventus
91%
Atlético Madrid
86.4%
Arsenal
77.7%
Sion
73.7%
Flamengo
73.5%
Ajax
73%
Chelsea
70.8%
Benfica
69.8%
Montreal Impact
69%
% Correct
Botafogo
66.4%
Fiorentina
64.6%
Baník Ostrava
62.3%
Red Star Belgrade
61.1%
Real Madrid
60.8%
Sampdoria
52.8%
Torino
45.3%
VfB Stuttgart
44.5%
Bayern Munich
43.7%
Shimizu S-Pulse
26.6%
Remove Ads.
Support Sporcle.
Get the best of Sporcle when you Go Orange. This ad-free experience offers more features, more stats, and more fun while also helping to support Sporcle. Thank you for becoming a member.

You're not logged in!

Compare scores with friends on all Sporcle quizzes.
OR
Log In

Show Comments

Extras

Top Quizzes Today


Score Distribution

Your Account Isn't Verified!

In order to create a playlist on Sporcle, you need to verify the email address you used during registration. Go to your Sporcle Settings to finish the process.

Report this User

Report this user for behavior that violates our Community Guidelines.

Details: